| 000 | 00759nam a22002297a 4500 | ||
|---|---|---|---|
| 999 |
_c3807 _d3807 |
||
| 003 | AR-CdUCM | ||
| 008 | 190307b ||||| |||| 00| 0 spa d | ||
| 020 | _a84-7232-505-9 | ||
| 040 |
_aMUNICIPALIDAD PROVINCIAL DEL CUSCO _cBIBLIOTECA MUNICIPAL DEL CUSCO |
||
| 082 |
_a321.10 _bR74 |
||
| 100 |
_aRodríguez Elizondo, José _912273 |
||
| 245 | _aDemocracia y derechos humanos en América Latina / | ||
| 260 |
_aMadrid : _bCultura Hispánica, _c1989. |
||
| 300 |
_a46 páginas ; _c24 cm. |
||
| 440 |
_aCuadernos de Documentación _n1 _912274 |
||
| 505 | _aContenido: El problema de la impunidad. | ||
| 650 |
_aNaciones Unidas _95682 |
||
| 650 |
_aAmérica _91348 |
||
| 650 |
_aEstado Democrático de Derecho _912275 |
||
| 942 |
_2ddc _cLIBROS |
||
| 945 | _araen | ||